Chicago "L" Endpoints - Statistics

General Stats
  • This quiz has been taken 30 times
  • The average score is 9 of 11
Answer Stats
Hint Answer % Correct
O'Hare Blue Line
100%
95th/Dan Ryan Red Line
96%
Kimball Brown Line
89%
Midway Orange Line
89%
Linden Purple Line
89%
Dempster-Skokie Yellow Line
85%
Cottage Grove Green Line
81%
54th/Cermak Pink Line
81%
Ashland/63rd Green Line
78%
Forest Park Blue Line
74%
Harlem/Lake Green Line
70%
No matching quizzes found
Score Distribution
Percent of People with Each Score
Percentile by Number Answered
Your Score History
You have not taken this quiz